000 nam a22 7a 4500
999 _c127639
_d127639
008 180314b xxu||||| |||| 00| 0 eng d
050 _aPG3095.G4 1964
100 _aGifford, Henry
_940618
245 _aThe novel in Russia from Pushkin to Pasternak
_c/ by Henry Gifford
260 _aNew York:
_bHarper Colophon Books,
_c1964
300 _a206P.;
_c20cm.
650 _aRussian fiction
_xHistory and criticism
_940619
942 _2lcc
_cMONOGRAPH